Energy balances of OECD countries 2000-2001

Salvato in:
Dettagli Bibliografici
Ente Autore: OECD. International Energy Agency
Natura: Libro
Lingua:inglese
francese
Pubblicazione: Paris OECD/IEA 2003
Serie:IEA statistics
Soggetti:
Tags: Aggiungi Tag
Nessun Tag, puoi essere il primo ad aggiungerne!!

MARC

LEADER 00000nam a2200000 4500
001 0011874
005 20260119103316.9
020 |a 92-64-10213-2 
041 0 |a eng 
041 0 |a fre 
044 |a FR 
245 1 0 |a Energy balances of OECD countries 2000-2001 
264 1 |a Paris  |b OECD/IEA  |c 2003 
300 |a xvi, I.77, II.247 s. 
490 1 |a IEA statistics 
830 0 |a IEA statistics 
610 2 0 |a bilancia energetická 
610 2 0 |a energia 
610 2 0 |a energetika 
610 2 0 |a spotreba energie 
710 2 |a OECD. International Energy Agency